000 00580nam a2200193 4500
001 2162214035923969
003 UA-OsUOA
005 20230824100751.0
008 230824b un ||||| |||| 00| 0 ukr d
040 _aUA-OsUOA
_bukr
_cUA-OsUOA
_dUA-OsUOA
041 _aukr
080 _a004.453
090 _a004.453
_bМ54
245 _aМетоды оптимального управления. Управляемые системы
_bсборник трудов
_nвып. 20
260 _aНовосибирск
_c1980
300 _a85 с.
650 _2UDC
942 _2udc
_cBK
999 _c574944
_d574944